000 00297nam a22001217a 4500
999 _c155263
_d155263
082 _a
_b
100 _aJavaharakkurupp P
245 _aG Sankara Kurup, Edassery Govindan Nair, P Kunjiraman Nair/
_cby Javaharakkurupp P.
260 _a
_b
_c2008.
300 _a92p.
650 _a
942 _cBK